| 000 | 01767cam a22004814i 4500 | ||
|---|---|---|---|
| 003 | PE-LiUPU | ||
| 005 | 20250731165537.0 | ||
| 008 | 150625s r 000 0 d | ||
| 035 | _a(Sirsi) a32268 | ||
| 035 | _a(Sirsi) a32268 | ||
| 040 |
_aPE-LiUPU _bspa _cPE-LiUPU _erda |
||
| 082 | 0 | 4 |
_a103 _bIF _221 |
| 100 | 1 |
_aCampos, Victoria, _eautor. |
|
| 245 | 1 | 0 |
_aConcepciones de la ética. _n2 / _cVictoria Campos. |
| 264 | 1 |
_aMadrid : _bTrotta, _c1992. |
|
| 300 |
_a324 páginas ; _c23 cm. |
||
| 336 |
_atext _2rdacontent |
||
| 337 |
_aunmediated _2rdamedia |
||
| 338 |
_avolume _2rdacarrier |
||
| 505 | 0 | _aNeoaristotelismos contemporaneos. -Kantismo. -Axiologia y fenomenologia. -Etica y tradicion escolastica. -Etica analitica en la actualidad. -Intuicion y analisis. -Etica comunicativa. -Etica y marxismo. -Etica y psicoanalisis. -Etica neo-contractualista. -Utilitarismo. -Vitalismo. | |
| 526 | _aSEG44 | ||
| 526 | _aSEG26 | ||
| 526 | _aP151 | ||
| 526 | _aP150 | ||
| 526 | _aP149 | ||
| 526 | _aP146 | ||
| 526 | _aP145 | ||
| 526 | _aP126 | ||
| 526 | _aP125 | ||
| 526 | _aP92 | ||
| 526 | _aP75 | ||
| 526 | _aP74 | ||
| 526 | _aP27 | ||
| 526 | _aP15 | ||
| 650 | 0 | 4 | _aÉtica. |
| 910 | _a | ||
| 942 |
_2ddc _cBOOK |
||
| 949 |
_aRC 103 IF 2 _wDEWEY _c1 _i37565 _lRC _mBUL _r0 _sY _tBOOK _u2015-6-25 _xBIBLIOTECA _zUNKNOWN _0COMPRA _o.CIRCNOTE. No olvidar cambiar la fecha de devolución!!!!!!! _o.STAFF. Colección General |
||
| 994 |
_aC0 _bPEPRU |
||
| 596 | _a1 | ||
| 999 |
_aRC 103 IF 2 _wDEWEY _c39901 _i37565 _d39901 _f2021-11-8 _g5 _lRCG _mBUL _q2 _r1 _sY _tBOOK _u2015-6-25 _xBIBLIOTECA _zUNKNOWN _0COMPRA _o.CIRCNOTE. No olvidar cambiar la fecha de devolución!!!!!!! _o.STAFF. Colección General |
||
| 980 |
_81 _gALBERTO SANCHEZ Responsable de Automatización |
||